000
00235nam a2200097Ia 4500
008
240331s9999 xx 000 0 und d
082
_b
SEN
100
_a
Senthamizhkothai,U
245
0
_a
Makkal ariviyal ilalliyam nokkum pokkum
942
_c
L
999
_c
4642
_d
4642